00304nam a22000857a 4500100003400000245010200034260003000136300001100166700004100177 aMarkhand, Munir Ahmeda13ME38 aPerformance and Analysis of Vapour Absorption Refrigeration System by Using water-Lithium Bromide aNawabshah:bQUEST,c2016. a70p. ; aDepartment of Mechanical Engineering